ENGINEERING PLASTICITY (Record no. 573925)
[ view plain ]
| 000 -LEADER | |
|---|---|
| fixed length control field | 00318nam a22001337a 4500 |
| 020 ## - INTERNATIONAL STANDARD BOOK NUMBER | |
| International Standard Book Number | 0-85312-346-2 |
| 082 ## - DEWEY DECIMAL CLASSIFICATION NUMBER | |
| Classification number | 668.4 JOH'E |
| 100 ## - MAIN ENTRY--PERSONAL NAME | |
| Personal name | MELLOR, P. B, JOHNSON, W |
| 9 (RLIN) | 65825 |
| 245 ## - TITLE STATEMENT | |
| Title | ENGINEERING PLASTICITY |
| 260 ## - PUBLICATION, DISTRIBUTION, ETC. | |
| Place of publication, distribution, etc. | NEWYORK |
| Name of publisher, distributor, etc. | JOHN WILEY |
| Date of publication, distribution, etc. | 1983 |
| 300 ## - PHYSICAL DESCRIPTION | |
| Extent | 646P |
| 650 ## - SUBJECT ADDED ENTRY--TOPICAL TERM | |
| Topical term or geographic name entry element | PLASTICITY |
| 9 (RLIN) | 19040 |
| 942 ## - ADDED ENTRY ELEMENTS (KOHA) | |
| Koha item type | Book |
| Withdrawn status | Lost status | Damaged status | Not for loan | Permanent Location | Current Location | Shelving location | Date acquired | Total Checkouts | Full call number | Barcode | Date last seen | Price effective from | Koha item type |
|---|---|---|---|---|---|---|---|---|---|---|---|---|---|
| College of Electrical & Mechanical Engineering (CEME) | College of Electrical & Mechanical Engineering (CEME) | General Stacks | 07/28/2017 | 668.4 JOH'E | CEME-22449 | 06/28/2021 | 06/28/2021 | Book |
